Adoption of green building practices in Pakistan: barriers and measures / (Record no. 533194)

000 -LEADER
fixed length control field 00516nam a22001577a 4500
020 ## - INTERNATIONAL STANDARD BOOK NUMBER
Qualifying information Hard Cover.
082 ## - DEWEY DECIMAL CLASSIFICATION NUMBER
Classification number 307.1
100 ## - MAIN ENTRY--PERSONAL NAME
Personal name Azeem, Sana
245 ## - TITLE STATEMENT
Title Adoption of green building practices in Pakistan: barriers and measures /
Statement of responsibility, etc. Sana Azeem,
260 ## - PUBLICATION, DISTRIBUTION, ETC.
Place of publication, distribution, etc. Islamabad :
Name of publisher, distributor, etc. NIT - NUST,
Date of publication, distribution, etc. 2017.
300 ## - PHYSICAL DESCRIPTION
Extent 74 p. : ill. ;l
Dimensions 30cm.
650 ## - SUBJECT ADDED ENTRY--TOPICAL TERM
Topical term or geographic name entry element MS Urban and Regional Planning.
700 ## - ADDED ENTRY--PERSONAL NAME
Personal name Dr. Malik Asghar Naeeem.
942 ## - ADDED ENTRY ELEMENTS (KOHA)
Source of classification or shelving scheme
Koha item type Thesis
650 ## - SUBJECT ADDED ENTRY--TOPICAL TERM
-- 26973
700 ## - ADDED ENTRY--PERSONAL NAME
-- 16342
Holdings
Withdrawn status Lost status Source of classification or shelving scheme Damaged status Not for loan Permanent Location Current Location Shelving location Date acquired Total Checkouts Full call number Barcode Date last seen Price effective from Koha item type
          Central Library (CL) Central Library (CL) Thesis 12/13/2019   307.1 CL-T-4145 12/13/2019 12/13/2019 Thesis
© 2023 Central Library, National University of Sciences and Technology. All Rights Reserved.